Statistics for European Countries With The First Letter Missing - Map Quiz

Click here to take the quiz!

General Stats

  • This quiz has been taken 32 times
  • The average score is 39 of 45

Answers on the Map

Answers color-coded by a green-red scale on the quiz's map according to % correct below.
 

Answer Stats

Answer% Correct
Etherlands
97%
Inland
97%
Celand
93%
Elarus
93%
Enmark
93%
Ermany
93%
Nited Ingdom
93%
Ortugal
93%
Orway
93%
Pain
93%
Reece
93%
Reland
93%
Taly
93%
Ussia
93%
Weden
93%
Oland
90%
Rance
90%
Stonia
90%
Ustria
90%
Alta
87%
Atvia
87%
Elgium
87%
Kraine
87%
Ndorra
87%
Oldova
87%
Omania
87%
Osovo
87%
Roatia
87%
Uxembourg
87%
Witzerland
87%
Zech Epublic
87%
Atican Ity
83%
Erbia
83%
Iechtenstein
83%
Lbania
83%
Lovenia
83%
Ontenegro
83%
Orth
Acedonia
83%
Ulgaria
83%
Ithuania
80%
Lovakia
80%
Onaco
80%
Ungary
80%
An Arino
77%
Osnia nd
Erzegovina
77%

Score Distribution

Percentile by Number Answered

Percent of People with Each Score

Your Score History

You have not taken this quiz